Sports Quiz

Random Sports Quiz

SEC TEAMS Quiz Stats

 Plays Quiz not verified by Sporcle

Challenge
Share
Tweet
Embed
Score 0/14 Timer 05:00
0 Plays Today
% Correct
Alabama
97.2%
Georgia
93.9%
Florida
90.7%
LSU
88.8%
Auburn
88.3%
Tennessee
86.9%
Kentucky
85.5%
% Correct
Ole Miss
85.5%
Mississippi State
84.6%
Vanderbilt
83.2%
Arkansas
83.2%
Texas A&M
82.2%
South Carolina
81.3%
Missouri
80.8%

You're not logged in!

Compare scores with friends on all Sporcle quizzes.
Join for Free
OR
Log In

You Might Also Like...

Show Comments

Extras

Created Dec 17, 2013ReportNominate
Tags:sec, SEC Teams, team

Top Quizzes Today


Score Distribution

Your Account Isn't Verified!

In order to create a playlist on Sporcle, you need to verify the email address you used during registration. Go to your Sporcle Settings to finish the process.

Report this User

Report this user for behavior that violates our Community Guidelines.

Details: